000 00526nam a22001932 4500
001 0000003208
005 20170406114832.0
008 140602s xx 000 0 eng d
020 _c$
040 _aYour Holding Symbol
_cYour Holding Symbol
100 1 _aRothman,Stanley.
245 1 0 _aRoots of radicalism :
_bjews,christians and the new left.
250 _a ed.
260 _aNew york :
_bOxford,
_c1982.
300 _a466 p. ;
_c cm.
504 _aindex.
650 0 _aeducation.
908 _a140602
999 _c3087
_d3087